| 000 | 00330nam a2200133 a 4500 | ||
|---|---|---|---|
| 008 | 010718s1967||||xx 0 und c | ||
| 040 |
_aSNK _bslo _cSNK _eAACR2 |
||
| 100 | 1 | _aDickens, Charles | |
| 245 | 1 | 0 | _aDavid Copperfield. Prvý zväzok |
| 260 |
_aBratislava _bTatran _c1967 |
||
| 020 | _c55 | ||
| 044 |
_axo _cSK |
||
| 041 | _aslo | ||
| 999 |
_c10431 _d10431 |
||